00460nam a2200121 a 4500020001500000040000900015082002600024245013400050260008800184300003500272650001100307700002000318 a1863200363 cDNAL00a634 AUS 1991 A043 Or.00aAdvances in tropical acacia research :bproceedings of an international workshop held in Bangkok, Thailand, 11-15 February 1991 / aCanberra, ACT :bAustralian Centre for International Agricultural Research,c[1991] a234 p. :bill., maps ;c24 cm. 0aAcacia1 aTurnbull, J. W.